000 005470000a22001810004500
003 MACL
005 20160401135218.0
008 160401b xxu||||| |||| 00| 0 eng d
040 _aMACL
_cMACL
041 _aHindi
082 _a398
100 _aमोहनलाल जोड
_949629
245 _aकालबेलिया गीत और नृत्‍य
260 _aजयपुर
_bराजस्‍थानी ग्रन्‍थागार
_c2011
350 _a150
650 _aFolklore
_949630
942 _cHIN
_k398
_2ddc
999 _c47248
_d47248